| 000 | 00730nam a22001815i 4500 | ||
|---|---|---|---|
| 001 | 161118 | ||
| 003 | ES-MaACL | ||
| 005 | 20230906212209.0 | ||
| 008 | 020402s1858 sp |||| | spa d | ||
| 040 |
_aNA _bspa _cNA |
||
| 080 | _a326(37) | ||
| 100 | 1 |
_aOrtiz y Ortiz, Román. _9130721 |
|
| 245 | 1 | 0 | _aDiscurso leido en la Universidad Central por el Licenciado Don Roman Ortiz y Ortiz en el solemne acto de recibir la investidura de Doctor en Jurisprudencia. |
| 260 |
_aMadrid : _b[s.n.], _c1858 ( _festablecimiento tipográfico de A. Vicente) |
||
| 300 |
_a21 p. ; _c24 cm. |
||
| 650 | 4 |
_aEsclavitud- _zRoma. _9139191 |
|
| 852 |
_aES-MaACL _jT-435-F-6 _z-- Enc. hol. _q-- Falto de la cub. original _z-- Enc. en un vol. facticio |
||
| 999 |
_c161118 _d161118 |
||